000 00722nam a2200229 4500
003 MX-MxINE
005 20260601171012.0
008 260420b1977\\\\mx\\||||\||||\00|\0\spa\d
040 _aICI
_bspa
_cICI
_erda
050 _aLC191
_bA3318
100 _eautor
245 _aUn mundo sin escuelas
_c Ivan illich... [y otros.] ; tr. Marco Antonio Pulido
264 _a México, d.f. :
_bNueva vision,
_c1977
300 _a203 páginas
_b19.5 cm.
336 _2rdacontent
_atexto
337 _2rdamedia
_asin medio
338 _2rdacarrier
_avolumen
500 _aTraduccion de: after deschooling, what?
650 _aSociología de la educación
_925013
700 _a Illich, Ivan,
_d1926-2002,
_eautor
942 _2ddc
_n0
_cB
999 _c20535
_d20535